000 00630nam a22002172 4500
001 0000024372
005 20151217154510.0
008 130909s xx 000 0 eng d
020 _a8123918501 :
040 _aKABU
_cKABU
100 1 _aArora, D. R.
_@0000179516
245 1 0 _aMedical parasitology /
_cD. R. Arora, Brij Bala Arora.
250 _a3rd ed.
260 _aNew Delhi :
_bCBS,
_c2010.
300 _axvi, 271 p.
650 0 _aMedical parasitology.
_@0000179517
700 1 _aArora, Brij Bala.
_@0000184402
852 1 _9p1334 KES
908 _a130909
950 _@1
999 _c11533
_d11533